000 01164nam a2200349 ia4500
005 20251112113124.0
008 251109s2019 ua a b 000 1 ara d
020 _a9789776731561
_cRM16.90
_qpaperback
040 _aPPAK
_beng
_cPPAK
_erda
041 1 _aeng
_hara
082 0 4 _223
_a892.737
090 0 0 _a892.737
_bHUQ
_dK
245 0 0 _6880-01
_aHuquq altariq =
_bRoad rights
246 3 1 _aRoad rights
264 1 _aMesir, Egypt :
_bKayan,
_c2019
300 _a12 pages :
_bcolour illustrations ;
_c22 x 24 cm
336 _atext
_2rdacontent
337 _aunmediated
_2rdamedia
338 _avolume
_2rdacarrier
490 1 _6880-02
_aNecessary Behaviours ;
_v1
546 _aText in Arabic and English
650 1 0 _aArabic fiction
650 2 0 _aDidactic fiction, Arabic
650 2 0 _aChildren's stories, Arabic
650 2 0 _aArabic fiction
_vTranslation into English
650 2 0 _aChildren's stories, English
650 2 0 _aDidactic fiction, English
830 0 _aNecessary Behaviours ;
_n1
880 0 0 _6245-01/(3/l
_aحقوق الطريق
880 0 0 _6490-02
_aسلوكيات واجبة ;
_v1
942 _2ddc
_cB
999 _c201470
_d201470